2021 Comprehensive Surveillance Review : Background Paper on Traction.

This paper presents traction as a multidimensional concept and discusses a comprehensive and complementary set of approaches to attempt to measure it based on the Fund's value added to policy dialogue and formulation and public debate in member countries.

Xehetasun bibliografikoak
Erakunde egilea: International Monetary Fund. Strategy, Policy, and Review Department
Formatua: Aldizkaria
Hizkuntza:English
Argitaratua: Washington, D.C. : International Monetary Fund, 2021.
Saila:Policy Papers; Policy Paper ; No. 2021/034
Gaiak:
Sarrera elektronikoa:Full text available on IMF
LEADER 01443cas a2200277 a 4500
001 AALejournalIMF021807
008 230101c9999 xx r poo 0 0eng d
020 |c 5.00 USD 
020 |z 9781513582764 
022 |a 2663-3493 
040 |a BD-DhAAL  |c BD-DhAAL 
110 2 |a International Monetary Fund.  |b Strategy, Policy, and Review Department. 
245 1 0 |a 2021 Comprehensive Surveillance Review :   |b Background Paper on Traction. 
264 1 |a Washington, D.C. :  |b International Monetary Fund,  |c 2021. 
300 |a 1 online resource (25 pages) 
490 1 |a Policy Papers 
500 |a <strong>Off-Campus Access:</strong> No User ID or Password Required 
500 |a <strong>On-Campus Access:</strong> No User ID or Password Required 
506 |a Electronic access restricted to authorized BRAC University faculty, staff and students 
520 3 |a This paper presents traction as a multidimensional concept and discusses a comprehensive and complementary set of approaches to attempt to measure it based on the Fund's value added to policy dialogue and formulation and public debate in member countries. 
538 |a Mode of access: Internet 
650 7 |a Health Behavior  |2 imf 
650 7 |a Monetary Policy  |2 imf 
650 7 |a Political Economy  |2 imf 
830 0 |a Policy Papers; Policy Paper ;  |v No. 2021/034 
856 4 0 |z Full text available on IMF  |u http://elibrary.imf.org/view/journals/007/2021/034/007.2021.issue-034-en.xml  |z IMF e-Library